| 000 | 00650nam a2200181 a 4500 | ||
|---|---|---|---|
| 005 | 20241011063802.0 | ||
| 008 | 991125nc198 mx 000 0 spa u | ||
| 035 | _aUPN01000013687 | ||
| 049 | _aAV | ||
| 099 | _aPVI L 0143 | ||
| 245 | 0 | 0 | _aDejar los estudios, sueños destrozados. |
| 260 |
_aMéxico : _bAIMS MEDIA : _bPelículas Ebesa, _c[c198-?]. |
||
| 300 |
_a1 videocasete (VHS) (21 min.) : _bson., col. |
||
| 520 | _aEn la escuela secundaria se presenta la deserción aproximadamente en un 35%, ocasionada por diversas causas | ||
| 650 | 4 |
_aEducación de adolescentes _9252 |
|
| 650 | 7 |
_aEducación secundaria _2 _94281 |
|
| 905 | _aAUDIOVISUALES | ||
| 999 |
_c13687 _d13687 |
||